Labor market power (Record no. 520659)

000 -LEADER
fixed length control field 01166nam a22001457a 4500
008 - FIXED-LENGTH DATA ELEMENTS--GENERAL INFORMATION
fixed length control field 220930b ||||| |||| 00| 0 eng d
100 ## - MAIN ENTRY--PERSONAL NAME
Personal name Berger, D. Herkenhoff, K. and Mongey, S.
245 ## - TITLE STATEMENT
Title Labor market power
260 ## - PUBLICATION, DISTRIBUTION, ETC. (IMPRINT)
Place of publication, distribution, etc The American Economic Review
300 ## - PHYSICAL DESCRIPTION
Extent 112(4), Apr, 2022: p.1147-1193
520 ## - SUMMARY, ETC.
Summary, etc We develop, estimate, and test a tractable general equilibrium model of oligopsony with differentiated jobs and concentrated labor markets. We estimate key model parameters by matching new evidence on the relationship between firms' local labor market share and their employment and wage responses to state corporate tax changes. The model quantitatively replicates quasi-experimental evidence on imperfect productivity-wage pass-through and strategic wage setting of dominant employers. Relative to the efficient allocation, welfare losses from labor market power are 7.6 percent, while output is 20.9 percent lower. Lastly, declining local concentration added 4 percentage points to labor's share of income between 1977 and 2013. – Reproduced
773 ## - HOST ITEM ENTRY
Main entry heading The American Economic Review
906 ## - LOCAL DATA ELEMENT F, LDF (RLIN)
Subject DIP LABOUR MARKETS
942 ## - ADDED ENTRY ELEMENTS (KOHA)
Item type Articles
Holdings
Withdrawn status Lost status Source of classification or shelving scheme Damaged status Not for loan Permanent location Current location Date acquired Serial Enumeration / chronology Barcode Date last seen Koha item type
          Indian Institute of Public Administration Indian Institute of Public Administration 2022-09-30 112(4), Apr, 2022: p.1147-1193 AR127242 2022-09-30 Articles

Powered by Koha